| 000 | 00317nam a2200109Ia 4500 | ||
|---|---|---|---|
| 008 | 210430s9999 xx 000 0 und d | ||
| 082 | _a355.020112 W4151N | ||
| 100 |
_aCaspar Weinberger and Peter Schweizer _954651 |
||
| 245 | 4 |
_aThe Next War _cCaspar Weinberger and Peter Schweizer |
|
| 300 | _a468 | ||
| 942 |
_cBK _2ddc |
||
| 999 |
_c565291 _d565291 |
||